Tolley's tax planning for farm and land diversifiction (Record no. 103700)

MARC details
000 -LEADER
fixed length control field 01100cam a2200253 4500
008 - FIXED-LENGTH DATA ELEMENTS--GENERAL INFORMATION
fixed length control field 040817n2004 000 0 eng u
020 ## - INTERNATIONAL STANDARD BOOK NUMBER
International Standard Book Number 0754522180
035 ## - SYSTEM CONTROL NUMBER
System control number (Sirsi) u127075
041 ## - LANGUAGE CODE
Language code of text/sound track or separate title eng
050 ## - LIBRARY OF CONGRESS CALL NUMBER
Classification number 336.22
-- 18
100 ## - MAIN ENTRY--PERSONAL NAME
Personal name Butler, J.
245 ## - TITLE STATEMENT
Title Tolley's tax planning for farm and land diversifiction
260 ## - PUBLICATION, DISTRIBUTION, ETC.
Place of publication, distribution, etc. London
Name of publisher, distributor, etc. LexisNexis UK
Date of publication, distribution, etc. 2004
300 ## - PHYSICAL DESCRIPTION
Extent xl, 582p.
Dimensions 23cm.
350 ## - PRICE (NR) (BK AM CF MU VM SE) [OBSOLETE]
Price 57.95
520 ## - SUMMARY, ETC.
Summary, etc. Second edition of the guide to the tax benefits and pitfalls to which farmers are exposed when putting land to new commercial use. Among the key tax issues for farmers and landowners are: protecting the tax status of the farmhouse, farm buildings and let buildings; planning for VAT; planning permission and how to use tax planning once you have it; and tax planning for development gains. This edition also covers the impact of the Mid Term Review and the introduction of the Stamp Duty Land Tax.
650 ## - SUBJECT ADDED ENTRY--TOPICAL TERM
Topical term or geographic name entry element TAXATION
650 ## - SUBJECT ADDED ENTRY--TOPICAL TERM
Topical term or geographic name entry element FARMING
650 ## - SUBJECT ADDED ENTRY--TOPICAL TERM
Topical term or geographic name entry element TAX PLANNING
650 ## - SUBJECT ADDED ENTRY--TOPICAL TERM
Topical term or geographic name entry element DIVERSIFICATION
690 ## - LOCAL SUBJECT ADDED ENTRY--TOPICAL TERM (OCLC, RLIN)
Topical term or geographic name as entry element RURAL
9 (RLIN) 6268
942 ## - ADDED ENTRY ELEMENTS (KOHA)
Suppress in OPAC 0
Holdings
Withdrawn status Lost status Source of classification or shelving scheme Damaged status Not for loan Home library Current library Shelving location Date acquired Cost, normal purchase price Total Checkouts Full call number Barcode Date last seen Date last checked out Copy number Cost, replacement price Price effective from Koha item type
    Dewey Decimal Classification     London London Books 18/02/2005 49.26 11 336.22 BUT 30069811 06/08/2019 18/09/2008 1 49.26 06/08/2019 Book